BIBLIOTECA PODER JUDICIAL
Portal Judicial TDF

Firmeza y ejecutoriedad de las sentencias : (Registro nro. 5656)

000 -LEADER
fixed length control field 01420nab a22002777a 4500
003 - CONTROL NUMBER IDENTIFIER
control field OSt
005 - DATE AND TIME OF LATEST TRANSACTION
control field 20251226110354.0
008 - FIXED-LENGTH DATA ELEMENTS--GENERAL INFORMATION
fixed length control field 190429b xxu||||| |||| 00| 0 spa d
040 ## - CATALOGING SOURCE
Transcribing agency PJ
100 ## - MAIN ENTRY--PERSONAL NAME
9 (RLIN) 6620
Personal name Alberich, Yésica
245 13 - TITLE STATEMENT
Title Firmeza y ejecutoriedad de las sentencias :
Remainder of title garantías procesales y su impacto en la privación de la libertad /
Statement of responsibility, etc Yésica Alberich, Guido Adrián Palacín.
260 ## - PUBLICATION, DISTRIBUTION, ETC. (IMPRINT)
Date of publication, distribution, etc Ciudad Autónoma de Buenos Aires :
Place of publication, distribution, etc Thomson Reuters La Ley,
Name of publisher, distributor, etc 2025.
300 ## - PHYSICAL DESCRIPTION
Extent p. 154-159
500 ## - GENERAL NOTE
General note Cita: TR LALEY AR/DOC/1917/2025.
505 ## - FORMATTED CONTENTS NOTE
Formatted contents note Sumario: I. Antecedentes del caso.— II. Resumen del fallo.— III. Introducción.— IV. Firmeza de la sentencia, doble conforme y el principio de inocencia.— V. Conclusión.
505 ## - FORMATTED CONTENTS NOTE
Formatted contents note Fallo comentado: TCasación Penal, Buenos Aires, sala V ~ 18/02/2025 ~ C., M. A. s/ recurso de casación.
505 ## - FORMATTED CONTENTS NOTE
Title Si te interesa el texto completo, solicitalo a koha@justierradelfuego.gov.ar
650 #0 - SUBJECT ADDED ENTRY--TOPICAL TERM
9 (RLIN) 343
Topical term or geographic name as entry element DERECHO PENAL
650 #0 - SUBJECT ADDED ENTRY--TOPICAL TERM
9 (RLIN) 3074
Topical term or geographic name as entry element PRESUNCIÓN DE INOCENCIA
650 #0 - SUBJECT ADDED ENTRY--TOPICAL TERM
9 (RLIN) 2954
Topical term or geographic name as entry element LIBERTAD CONDICIONAL
650 #0 - SUBJECT ADDED ENTRY--TOPICAL TERM
9 (RLIN) 179
Topical term or geographic name as entry element GARANTIAS CONSTITUCIONALES ›
650 #0 - SUBJECT ADDED ENTRY--TOPICAL TERM
9 (RLIN) 2356
Topical term or geographic name as entry element SENTENCIA FIRME
700 ## - ADDED ENTRY--PERSONAL NAME
9 (RLIN) 6587
Personal name Palacín, Guido Adrián
Función coautor
773 0# - HOST ITEM ENTRY
Host Biblionumber 2658
Host Itemnumber 3164
Title Revista de derecho penal y criminología. Nº 8 - Septiembre 2025
Place, publisher, and date of publication Ciudad Autónoma de Buenos Aires : Thomson Reuters La Ley, 2017-
International Standard Serial Number 00347914
942 ## - ADDED ENTRY ELEMENTS (KOHA)
Source of classification or shelving scheme
Koha item type Analítica Artículo de Revista

No hay ítems disponibles.

12 de Octubre 789 Ushuaia - Tel:  54(02901)441571
Horario de Atención: 8.00 a 17.00 hs. 
bibliotecaush@justierradelfuego.gov.ar
koha@justierradelfuego.gov.ar
Seguinos en nuestras redes @bibliojustdf 

Con tecnología Koha